Szczegóły MARC21

O tożsamości, kondycji i powinnościach pedagogiki /

005 -DATA I CZAS OSTATNIEJ MODYFIKACJI [,]
    • @
    • pole kontrolne
    • 20090115131125.0
020 -Międzynarod. znormalizowany nr książki - ISBN [ , ]
    • a
    • Numer ISBN
    • 9788372046086 Find
040 -Instytucja sporządzająca opis [ , ]
    • a
    • Instytucja, która sporządziła opis (NP)
    • SZCZ U/BS
    • c
    • Instytucja, która sporządziła rekord (NP)
    • SZCZ U/BS
    • d
    • Instytucja, która zmodyfikowała rekord (P)
    • SZCZ U/JŚ
041 -Język dokumentu [0, ]
    • a
    • Język tekstu (P)
    • polski
044 -Kraj miejsca wydania [ , ]
    • a
    • Kraj miejsca wydania
    • Polska
942 -Rodzaj dokumentu [ , ]
    • c
    • Rodzaj dokumentu
    • Książka
100 -Hasło główne - nazwa osobowa [1, ]
    • a
    • Nazwa osobowa (NP)
    • Lewowicki, Tadeusz
    • d
    • Daty biograficzne (NP)
    • (1942- ).
    • 9
    • KHW
    • 7829
245 -Strefa tytułu i oznaczenia odpowiedzialności [1,0]
    • a
    • Tytuł
    • O tożsamości, kondycji i powinnościach pedagogiki / Find
    • c
    • Pozostałe elementy strefy tytułu i oznaczenia odpowiedzialności (NP)
    • Tadeusz Lewowicki.
260 -Strefa adresu wydawniczego [ , ]
    • a
    • Miejsce wydania (P)
    • Radom :
    • b
    • Nazwa wydawcy (P)
    • Wydawnictwo Instytutu Technologii Eksploatacji - Państwowy Instytut Badawczy,
    • c
    • Data wydania (P)
    • cop. 2007.
300 -Strefa opisu fizycznego [ , ]
    • a
    • Określenie formy książki i/lub objętość (NP)
    • 283 s. ;
    • c
    • Format (NP)
    • 24 cm.
505 -Uwaga dot. zawartości książki [ , ]
    • a
    • Uwaga dot. zawartości książki
    • Bibliogr.
080 -Uniwersalna Klasyfikacja Dziesiętna [ , ]
    • 2
    • Identyfikator wydania tablic
    • UDC-P058
    • a
    • Symbol klasyfikacji
    • 37.01
    • b
    • Dopowiedzenie
    • Podstawy wychowania i nauczania (materialne, teoretyczne, filozoficzne itd.). Pojęcia podstawowe. Cele wychowania.
980 -Symbol UKD [ , ]
    • a
    • UKD
    • 37.01
920 -ISBN [ , ]
    • a
    • ISBN
    • 978-83-7204-608-6 Find
Uwagi nie widoczne w OPAC Lokalizacja Data inwentaryzacji Status udost. Numer inwentarzowy Sygnatura
podr.pedagogikaBG2008-12-051Z.111899Z.111899 Pedagogika